| 000 | 00397nam a22001457a 4500 | ||
|---|---|---|---|
| 020 | _a9788129701077 | ||
| 040 | _cNUST | ||
| 082 | _a621.382 TOM | ||
| 100 | _a Tomasi, Wayne | ||
| 245 | _aAdvanced Electronic Communications Systems | ||
| 250 | _aSixth Edition | ||
| 260 |
_aIndia: _bPearson Education, _c2004. |
||
| 650 |
_aAdvanced Electronic Communications Systems _9114264 |
||
| 942 |
_2ddc _cBK |
||
| 999 |
_c595635 _d595635 |
||